000 01004nam a2200277Ia 4500
003 OSt
005 20221005105538.0
006 a|||||r|||| 00| 0
007 ta
008 221004b |||||||| |||| 00| 0 hin d
020 _a9788126709090 (hbk)
_cINR 850.00
024 _a29357
037 _b277, 03/03/2017, Eastern Book Linkers
_cTextual
040 _aCRL
_cCRL
_bhin
041 _2hin
_ahin
082 _aO152,3NPRx, Q5
100 _aप्रियंवदा, उषा, ले.
245 0 _aसम्पूर्ण कहानियॉं
246 _aSampūrṇa kahāniyaॉan
250 _aसंस्करण 3
260 _aनई दिल्ली
_bराजकमल प्रकाशन भारत
_c2015
300 _a463पृ0
_ccm.
650 _aहिन्दी कहानी
942 _hO152,3NPRx, Q5
_cTEXL
_2cc
999 _c1016134
_d1016134